British standard engineering drawing practice (Record no. 544524)

000 -LEADER
fixed length control field 00425nam a22001337a 4500
082 ## - DEWEY DECIMAL CLASSIFICATION NUMBER
Classification number 604.2
Author Mark BRA
100 ## - MAIN ENTRY--PERSONAL NAME
Personal name British Standards Institution
9 (RLIN) 40168
245 ## - TITLE STATEMENT
Title British standard engineering drawing practice
Statement of responsibility, etc. British Standards Institution
260 ## - PUBLICATION, DISTRIBUTION, ETC.
Place of publication, distribution, etc. London
Name of publisher, distributor, etc. British Standards Institution
Date of publication, distribution, etc. c1953.
300 ## - PHYSICAL DESCRIPTION
Extent 98 p.
Other physical details ill
Dimensions 26 cm.
526 ## - STUDY PROGRAM INFORMATION NOTE
Program name 0
Interest level 0
Reading level 0
Title point value 604_200000000000000_BRA
650 ## - SUBJECT ADDED ENTRY--TOPICAL TERM
Topical term or geographic name entry element MCE
9 (RLIN) 379
942 ## - ADDED ENTRY ELEMENTS (KOHA)
Source of classification or shelving scheme
Koha item type Book
Holdings
Withdrawn status Lost status Source of classification or shelving scheme Damaged status Not for loan Permanent Location Current Location Date acquired Total Checkouts Full call number Barcode Date last seen Price effective from Koha item type
          Military College of Engineering (MCE) Military College of Engineering (MCE) 05/07/2014   604.2 BRA MCE-29832 05/07/2014 05/07/2014 Book
© 2023 Central Library, National University of Sciences and Technology. All Rights Reserved.